000 01549nam0a2200349 4500
001 RU\NLR\bibl\1226497
005 20260405220213.0
010 _a978-5-88195-852-7
_93000
035 _a(NLR Aleph) 001212805
090 _a88977
_c88977
100 _a20080514d2007 |||y0rusy50 ca
101 1 _arus
_ckrc
102 _aRU
105 _ay |||||||||
200 1 _aКарачаево-балкарские мифы
_dКъарачай-малкъар мифл
_fсост. Махти Джуртубаев
_g[пер. с балк. Х.Ч. Джуртубаева]
_zkrc
210 _aНальчик
_cГП КБР "Республиканский полиграфкомбинат"
_cЭль-Фа
_d2007
215 _a484 с.
_d25
300 _aНа авантит.: К 180-летию добровольного вхождения Балкарии в состав Рос. государства
320 _aБиблиогр.: с. 482-483
510 0 _aКъарачай малкъар мифле
_zkrc
606 1 _aМифы карачаево-балкарские
_92521026
_3RU\NLR\auth\661493873
686 _aШ3(241)-60
702 1 _aДжуртубаев
_bМ. Ч.
_f1949-
_gМахти Чиппаевич
_4220
702 1 _4730
_8rus
_7ca
_aДжуртубаев
_bХ. Ч.
_gХыйса Чиппаевич
_3RU\NLR\auth\7798630
_981556
801 0 _aRU
_bNLR
_c20080514
_gRCR
801 1 _aRU
_bNLR
_c20080514
830 _aсост. по базе
852 _aNLR
_bОНЛ
_jКар.-Бал./4-96
942 _cBOOK
980 _aNB